| 000 -LEADER |
| fixed length control field |
00665cam a2200193Ia 4500 |
| 020 ## - INTERNATIONAL STANDARD BOOK NUMBER |
| ISBN |
0439444438 |
| 020 ## - INTERNATIONAL STANDARD BOOK NUMBER |
| ISBN |
0439488400 |
| 040 ## - CATALOGING SOURCE |
| Transcribing agency |
MGI |
| 082 ## - DEWEY DECIMAL CLASSIFICATION NUMBER |
| Classification number |
813 SCH 2002 A094 Or. |
| 100 1# - MAIN ENTRY--AUTHOR NAME |
| Personal name |
Spinelli, Jerry. |
| 245 10 - TITLE STATEMENT |
| Title |
Stargirl / |
| 260 ## - PUBLICATION, DISTRIBUTION, ETC. (IMPRINT) |
| Place of publication |
New York : |
| Name of publisher |
Scholastic Inc., |
| Year of publication |
c2002. |
| 300 ## - PHYSICAL DESCRIPTION |
| Number of Pages |
188 p. ; |
| Dimensions |
20 cm. |
| 500 ## - GENERAL NOTE |
| General note |
"First Scholastic paperback printing, September 2002."--T.p. verso. |
| 520 ## - SUMMARY, ETC. |
| Summary, etc |
In this story about the perils of popularity, the courage of nonconformity, and the thrill of first love, an eccentric student named Stargirl changes Mica High School forever. |
| 650 #0 - SUBJECT ADDED ENTRY--TOPICAL TERM |
| Topical Term |
Individuality |
| 650 #0 - SUBJECT ADDED ENTRY--TOPICAL TERM |
| Topical Term |
Popularity |
| 942 ## - ADDED ENTRY ELEMENTS (KOHA) |
| Koha item type |
សៀវភៅភាសាអង់គ្លេស |
| 952 ## - LOCATION AND ITEM INFORMATION (KOHA) |
| Withdrawn status [LOCAL, KOHA] |
0 |